| 000 | 00341nam a22001337a 4500 | ||
|---|---|---|---|
| 003 | SGT | ||
| 082 |
_a617.6342 _bR25K |
||
| 100 | _aKushagar | ||
| 245 |
_aRegenerative Endodontic _bAn evolving paradigm in dental therapy |
||
| 260 |
_bSGT University _c2025 |
||
| 300 | _a72 | ||
| 650 | _aConservative Dentistry & Endodontics | ||
| 942 |
_2ddc _cTH |
||
| 999 |
_c31386 _d31386 |
||